[Event "NOE Landesliga 2017/2018"]
[Site "verschiedene"]
[Date "2017.11.26"]
[Round "5"]
[Board "1"]
[White "Mikes, Jan"]
[Black "Blatny, Pavel"]
[Result "1-0"]
[WhiteElo "2233"]
[BlackElo "2351"]
[PlyCount "93"]
[EventDate "2017.10.01"]
[EventType "team"]
[EventRounds "11"]
[EventCountry "AUT"]
[WhiteTeam "SV Mistelbach"]
[BlackTeam "SK Zwettl"]

1. e4 b6 2. d4 Bb7 3. Nc3 e6 4. Be3 g6 5. h4 h6 6. Qd2 Bg7 7. O-O-O a6 8. Be2
b5 9. a3 d6 10. f4 h5 11. Nf3 Nf6 12. Ng5 d5 13. e5 Ng8 14. g4 hxg4 15. Bxg4
Nh6 16. Qg2 Qe7 17. h5 Nxg4 18. Qxg4 gxh5 19. Rxh5 Rxh5 20. Qxh5 Nd7 21. Rg1
Bf8 22. Bf2 c5 23. dxc5 Rc8 24. b4 Nb6 25. Nh7 Kd7 26. Bh4 f6 27. Nxf6+ Kc6 28.
cxb6 a5 29. Nfxd5 Qd7 30. Nf6 Qd4 31. Qf3+ Kxb6 32. Bf2 Bxf3 33. Bxd4+ Ka6 34.
Rg3 Bh1 35. Rg8 axb4 36. axb4 Bb7 37. Nd7 Bxb4 38. Nb8+ Ka5 39. Rxc8 Ba3+ 40.
Kd2 Bxc8 41. Nc6+ Ka6 42. Ne4 Bb7 43. Nb8+ Ka5 44. Nc5 Bd5 45. Nbd7 Bc6 46.
Nb3+ Ka6 47. Ndc5+  1-0

[Event "NOE Landesliga 2017/2018"]
[Site "verschiedene"]
[Date "2017.11.26"]
[Round "5"]
[Board "2"]
[White "Vyskocil, Neklan"]
[Black "Hofmann, Thomas"]
[Result "0-1"]
[WhiteElo "2325"]
[BlackElo "2244"]
[PlyCount "120"]
[EventDate "2017.10.01"]
[EventType "team"]
[EventRounds "11"]
[EventCountry "AUT"]
[WhiteTeam "SK Zwettl"]
[BlackTeam "SV Mistelbach"]

1. e4 c5 2. Nf3 e6 3. d4 cxd4 4. Nxd4 Nf6 5. Nc3 Nc6 6. g3 d5 7. exd5 Nxd5 8.
Bg2 Nxc3 9. bxc3 Bd7 10. O-O Be7 11. Rb1 Qc8 12. Nb5 O-O 13. Nd6 Bxd6 14. Qxd6
Na5 15. Qe5 Nc4 16. Qe4 Na5 17. Qe5 Nc4 18. Qe4 Nb6 19. c4 Rd8 20. Bb2 f6 21.
Rfe1 Nxc4 22. Ba1 Nb6 23. Qh4 Bc6 24. Bh3 Bd5 25. Rb4 Nc4 26. Bf1 Nd2 27. Be2
e5 28. Qh5 Qxc2 29. Bg4 Qd3 30. Rd1 Nf3+ 31. Bxf3 Qxf3 32. Qxf3 Bxf3 33. Rdb1
Rd2 34. R4b3 Be4 35. R3b2 Rad8 36. Re1 Bf3 37. Rb3 Rd1 38. Rb1 Rxe1+ 39. Rxe1
Rd2 40. h3 Rxa2 41. g4 h5 42. gxh5 Bxh5 43. Rc1 Bg6 44. Rc8+ Kh7 45. Bc3 Rc2
46. Rc7 Be4 47. Ba5 Rxc7 48. Bxc7 Kg6 49. Kh2 Kf5 50. Kg3 Ke6 51. h4 Bc2 52.
Kf3 Kd7 53. Ba5 b6 54. Bc3 Kc6 55. Ke3 Kd5 56. Bb4 g6 57. Be7 f5 58. f4 exf4+
59. Kxf4 Bd1 60. Ke3 Kc4  0-1

[Event "NOE Landesliga 2017/2018"]
[Site "verschiedene"]
[Date "2017.11.26"]
[Round "5"]
[Board "3"]
[White "Gasa, Andrej"]
[Black "Holemar, David"]
[Result "1/2-1/2"]
[WhiteElo "2259"]
[BlackElo "2295"]
[PlyCount "137"]
[EventDate "2017.10.01"]
[EventType "team"]
[EventRounds "11"]
[EventCountry "AUT"]
[WhiteTeam "SV Mistelbach"]
[BlackTeam "SK Zwettl"]

1. e4 g6 2. d4 Bg7 3. Nf3 d6 4. h3 Nd7 5. Bc4 e6 6. O-O a6 7. a4 b6 8. Bg5 Ne7
9. Qd2 h6 10. Be3 Bb7 11. Nc3 d5 12. exd5 Nxd5 13. Bxd5 exd5 14. Rfe1 Kf8 15.
Bf4 Kg8 16. Ne5 Nf8 17. Re2 c5 18. a5 cxd4 19. Na4 bxa5 20. Nc5 Qb6 21. Qxd4
Ne6 22. Nxe6 Qxe6 23. Qd2 d4 24. Ng4 Qc6 25. f3 h5 26. Ne5 Qb6 27. Nd3 Kh7 28.
Re7 Rhf8 29. Qxa5 Qxa5 30. Rxa5 Bc8 31. g4 hxg4 32. hxg4 Bf6 33. Re2 Be6 34.
Nc5 d3 35. Rh2+ Kg8 36. Nxd3 Rfd8 37. Be5 Bxe5 38. Nxe5 Rab8 39. b3 Rbc8 40.
Re2 Rd1+ 41. Kf2 Rc1 42. c4 Rb8 43. Re3 Rc2+ 44. Kg3 Rb6 45. Kf4 Kg7 46. g5 Bf5
47. c5 Rb4+ 48. Kg3 Be6 49. Nc6 Rxb3 50. Rxb3 Bxb3 51. Nd4 Rc3 52. Nxb3 Rxb3
53. Rxa6 Rc3 54. Rc6 Kf8 55. Kf4 Ke7 56. Ke4 Kd7 57. Rd6+ Ke7 58. Rd5 Ke6 59.
Re5+ Kd7 60. f4 Rc4+ 61. Ke3 Kd8 62. f5 gxf5 63. Rxf5 Ke7 64. Re5+ Kd7 65. Kd3
Rg4 66. Rd5+ Ke6 67. Rd4 Rxg5 68. Kc4 Rg1 69. c6  1/2-1/2

[Event "NOE Landesliga 2017/2018"]
[Site "verschiedene"]
[Date "2017.11.26"]
[Round "5"]
[Board "4"]
[White "Zwettler, Martin"]
[Black "Vrana, Frantisek"]
[Result "1-0"]
[WhiteElo "2224"]
[BlackElo "2253"]
[PlyCount "109"]
[EventDate "2017.10.01"]
[EventType "team"]
[EventRounds "11"]
[EventCountry "AUT"]
[WhiteTeam "SK Zwettl"]
[BlackTeam "SV Mistelbach"]

1. c4 f5 2. g3 Nf6 3. Bg2 g6 4. Nc3 Bg7 5. d3 Nc6 6. e4 d6 7. Nge2 O-O 8. O-O
e5 9. Nd5 Nd4 10. Nxd4 exd4 11. exf5 gxf5 12. Re1 c6 13. Nxf6+ Qxf6 14. Bf4 Bh6
15. Qd2 Bxf4 16. Qxf4 Bd7 17. Bf3 Rae8 18. Bh5 Re5 19. b4 Be8 20. Bf3 Bg6 21.
Kg2 a5 22. a3 axb4 23. axb4 Rfe8 24. Qxd4 Qe7 25. Rxe5 dxe5 26. Qc3 e4 27. dxe4
fxe4 28. Be2 c5 29. bxc5 e3 30. f3 Qxc5 31. Ra5 Qd6 32. Rd5 Qc6 33. Re5 b5 34.
Rxb5 Qd7 35. Rd5 Qa7 36. Re5 Rxe5 37. Qxe5 Qa3 38. c5 Qc1 39. Kh3 Bf7 40. Qg5+
Kf8 41. Qh6+ Kg8 42. Bd3 Bb3 43. Qxh7+ Kf8 44. Qf5+ Kg7 45. Qg6+ Kf8 46. c6 Ke7
47. f4 Be6+ 48. f5 Bc8 49. g4 e2 50. Qg7+ Kd8 51. c7+ Qxc7 52. Qxc7+ Kxc7 53.
Bxe2 Kd6 54. Kh4 Ke5 55. Kg5  1-0

[Event "NOE Landesliga 2017/2018"]
[Site "verschiedene"]
[Date "2017.12.10"]
[Round "6"]
[Board "1"]
[White "Blatny, Pavel"]
[Black "Pammer, Andreas"]
[Result "1-0"]
[WhiteElo "2351"]
[BlackElo "2135"]
[PlyCount "71"]
[EventDate "2017.10.01"]
[EventType "team"]
[EventRounds "11"]
[EventCountry "AUT"]
[WhiteTeam "SK Zwettl"]
[BlackTeam "SG Bisamberg/Korneuburg"]

1. d4 Nf6 2. Nf3 g6 3. Nc3 d5 4. Bf4 Bg7 5. e3 O-O 6. h4 Bg4 7. Be2 Nc6 8. Ne5
Bxe2 9. Qxe2 Nxe5 10. dxe5 Nd7 11. Nxd5 c6 12. Nc3 Nxe5 13. h5 Qa5 14. O-O Rad8
15. Rab1 b5 16. b4 Qb6 17. Bxe5 Bxe5 18. Ne4 Rd5 19. f4 Bg7 20. hxg6 hxg6 21.
Rf3 Rh5 22. g4 Rh4 23. Rg3 e6 24. Nc5 Qc7 25. Rd1 Rd8 26. Kg2 Bc3 27. Nd3 a5
28. a3 axb4 29. axb4 Qd6 30. Rb1 Qd5+ 31. e4 Qc4 32. Rb3 Rd4 33. Re3 f6 34. Kg3
Rh7 35. Ra3 Rd8 36. e5  1-0

[Event "NOE Landesliga 2017/2018"]
[Site "verschiedene"]
[Date "2017.12.10"]
[Round "6"]
[Board "2"]
[White "Schmidrathner, Christian"]
[Black "Vyskocil, Neklan"]
[Result "0-1"]
[WhiteElo "2074"]
[BlackElo "2325"]
[PlyCount "64"]
[EventDate "2017.10.01"]
[EventType "team"]
[EventRounds "11"]
[EventCountry "AUT"]
[WhiteTeam "SG Bisamberg/Korneuburg"]
[BlackTeam "SK Zwettl"]

1. e4 c5 2. Nf3 g6 3. d4 cxd4 4. Nxd4 Bg7 5. Be3 Nf6 6. Nc3 Nc6 7. Be2 O-O 8.
O-O d5 9. exd5 Nxd5 10. Nxd5 Qxd5 11. Bf3 Qa5 12. Bxc6 bxc6 13. Nxc6 Qc7 14.
Nd4 Rd8 15. c3 Ba6 16. Re1 e5 17. Bg5 exd4 18. Bxd8 Rxd8 19. Qa4 Qb6 20. Re8+
Rxe8 21. Qxe8+ Bf8 22. cxd4 Qxd4 23. Qb8 Kg7 24. Re1 Bd6 25. Qb3 Be5 26. Rd1
Qh4 27. g3 Qf6 28. Qe3 Bxb2 29. Qxa7 Qf3 30. Rd7 Bd3 31. Qe3 Qd1+ 32. Kg2 Bf1+
 0-1

[Event "NOE Landesliga 2017/2018"]
[Site "verschiedene"]
[Date "2017.12.10"]
[Round "6"]
[Board "3"]
[White "Zwettler, Martin"]
[Black "Seidler, Dieter"]
[Result "1-0"]
[WhiteElo "2224"]
[BlackElo "1936"]
[PlyCount "53"]
[EventDate "2017.10.01"]
[EventType "team"]
[EventRounds "11"]
[EventCountry "AUT"]
[WhiteTeam "SK Zwettl"]
[BlackTeam "SG Bisamberg/Korneuburg"]

1. c4 e6 2. Nf3 d5 3. g3 c6 4. Bg2 Nf6 5. O-O Bd6 6. d4 O-O 7. Nbd2 b6 8. Qc2
Bb7 9. e4 dxe4 10. Nxe4 Be7 11. Rd1 Nxe4 12. Qxe4 Nd7 13. Bf4 Nf6 14. Qc2 Rc8
15. Ne5 Qe8 16. a3 b5 17. b3 Nd7 18. a4 Nxe5 19. Bxe5 b4 20. a5 Ba6 21. Be4 f5
22. Bg2 Qd7 23. Qd2 c5 24. d5 Rcd8 25. Qe3 exd5 26. Rxd5 Qe8 27. Re1  1-0

[Event "NOE Landesliga 2017/2018"]
[Site "verschiedene"]
[Date "2017.12.10"]
[Round "6"]
[Board "4"]
[White "Ayatollahi, Ehsan"]
[Black "Pakosta, Miroslav"]
[Result "0-1"]
[WhiteElo "1931"]
[BlackElo "2163"]
[PlyCount "58"]
[EventDate "2017.10.01"]
[EventType "team"]
[EventRounds "11"]
[EventCountry "AUT"]
[WhiteTeam "SG Bisamberg/Korneuburg"]
[BlackTeam "SK Zwettl"]

1. d4 c5 2. d5 f5 3. Nf3 Nf6 4. g3 g6 5. Bg2 Bg7 6. O-O O-O 7. Nc3 d6 8. e4
fxe4 9. Ng5 Na6 10. Ncxe4 Nc7 11. c4 b5 12. Ne6 Bxe6 13. dxe6 Rb8 14. cxb5 Rxb5
15. Re1 Nxe4 16. Rxe4 Bxb2 17. Rb1 Bg7 18. Bf4 Rxb1 19. Qxb1 Qb8 20. Qd1 Nb5
21. Rc4 Nd4 22. Qd2 Qb1+ 23. Rc1 Qxc1+ 24. Qxc1 Ne2+ 25. Kf1 Nxc1 26. Bxc1 Rb8
27. Ke2 Rb1 28. Ba3 Bb2 29. Be4 Ra1  0-1

[Event "NOE Landesliga 2017/2018"]
[Site "verschiedene"]
[Date "2017.12.10"]
[Round "6"]
[Board "1"]
[White "Bauer, Thomas"]
[Black "Zojer, Stefan"]
[Result "0-1"]
[WhiteElo "2178"]
[BlackElo "2127"]
[PlyCount "62"]
[EventDate "2017.10.01"]
[EventType "team"]
[EventRounds "11"]
[EventCountry "AUT"]
[WhiteTeam "SG Litschau/Eisgarn"]
[BlackTeam "SK Advisory Invest Baden"]

1. e4 e5 2. Nf3 Nc6 3. Bc4 Bc5 4. O-O d6 5. d3 Nf6 6. c3 a6 7. a4 O-O 8. Na3
Ba7 9. Bg5 Ne7 10. Bxf6 gxf6 11. Nc2 f5 12. Nh4 f4 13. d4 Ng6 14. Nxg6 hxg6 15.
Nb4 Qg5 16. Re1 Kg7 17. Qd3 Rh8 18. Nc2 Bh3 19. g3 Rh7 20. Qf3 Rah8 21. Bf1 Bg4
22. Qh1 Rxh2 23. Qxh2 Rxh2 24. Kxh2 Qh5+ 25. Kg1 Bf3 26. Bg2 Bxg2 27. Kxg2 f3+
28. Kg1 Qh3 29. Ne3 exd4 30. cxd4 Bxd4 31. b4 Bxe3  0-1

[Event "NOE Landesliga 2017/2018"]
[Site "verschiedene"]
[Date "2017.12.10"]
[Round "6"]
[Board "2"]
[White "Hofegger, Jakob"]
[Black "Wagner, Stefan"]
[Result "0-1"]
[WhiteElo "2111"]
[BlackElo "2150"]
[PlyCount "162"]
[EventDate "2017.10.01"]
[EventType "team"]
[EventRounds "11"]
[EventCountry "AUT"]
[WhiteTeam "SK Advisory Invest Baden"]
[BlackTeam "SG Litschau/Eisgarn"]

1. Nf3 g6 2. g3 b6 3. Bg2 Bb7 4. O-O Bg7 5. d3 d6 6. e4 Nd7 7. Re1 e6 8. d4 Ne7
9. c3 h6 10. Nbd2 a6 11. Qe2 O-O 12. Nc4 d5 13. exd5 Nxd5 14. Nfe5 Nxe5 15.
Nxe5 Qc8 16. Bd2 Ne7 17. Rad1 Bxg2 18. Kxg2 Qb7+ 19. Qf3 Qxf3+ 20. Kxf3 Rfd8
21. Ng4 Kh7 22. Ke2 h5 23. Bg5 hxg4 24. Bxe7 Rd5 25. h4 gxh3 26. Rh1 Re8 27.
Rxh3+ Kg8 28. Ba3 e5 29. Kf1 exd4 30. cxd4 c5 31. g4 cxd4 32. Rhd3 Rc8 33. Re1
Rg5 34. f3 Re5 35. Rxe5 Bxe5 36. f4 Bg7 37. Ke2 f5 38. gxf5 gxf5 39. Rg3 Kf7
40. Rg5 Re8+ 41. Kd2 Kf6 42. Bd6 Bh6 43. Rh5 Kg6 44. Rh4 Re3 45. Bc7 b5 46. Bb6
Bg7 47. Bc7 Bf6 48. Rh2 Kf7 49. Rh7+ Ke6 50. Rh6 Kf7 51. Rh7+ Kg6 52. Rd7 Re6
53. Rd5 d3 54. Kxd3 Bxb2 55. Bb8 Rc6 56. Kd2 Ba3 57. Be5 Kh5 58. Rd8 Kg4 59.
Kd3 Rc4 60. Rg8+ Kf3 61. Rg5 Bc5 62. Rxf5 Ra4 63. Rf7 Ra3+ 64. Kc2 Rxa2+ 65.
Kb3 Ra3+ 66. Kb2 b4 67. f5 Ke4 68. Bg7 a5 69. Rc7 Bd4+ 70. Bxd4 Kxd4 71. f6 Rf3
72. Ra7 Rf5 73. Kb3 Rf3+ 74. Ka4 Ra3+ 75. Kb5 b3 76. f7 b2 77. f8=Q b1=Q+ 78.
Kc6 Rc3+ 79. Kd7 Qb5+ 80. Ke6 Qd5+ 81. Ke7 Re3+  0-1

[Event "NOE Landesliga 2017/2018"]
[Site "verschiedene"]
[Date "2017.12.10"]
[Round "6"]
[Board "3"]
[White "Plasil, Jiri"]
[Black "Herndlbauer, Martin"]
[Result "1/2-1/2"]
[WhiteElo "2069"]
[BlackElo "2081"]
[PlyCount "50"]
[EventDate "2017.10.01"]
[EventType "team"]
[EventRounds "11"]
[EventCountry "AUT"]
[WhiteTeam "SG Litschau/Eisgarn"]
[BlackTeam "SK Advisory Invest Baden"]

1. Nf3 d5 2. d4 Nf6 3. Bf4 c5 4. c3 Nc6 5. e3 Qb6 6. Qb3 c4 7. Qxb6 axb6 8. Na3
e5 9. Nb5 Ra5 10. dxe5 Rxb5 11. exf6 Rxb2 12. Nd4 Nxd4 13. exd4 gxf6 14. Be2
Bf5 15. Bf3 Be4 16. Bxe4 dxe4 17. O-O Kd7 18. f3 Rg8 19. g3 exf3 20. Rxf3 Be7
21. Rf2 Rxf2 22. Kxf2 Bd6 23. Bxd6 Kxd6 24. Rb1 Kc6 25. a4 Ra8  1/2-1/2

[Event "NOE Landesliga 2017/2018"]
[Site "verschiedene"]
[Date "2017.12.10"]
[Round "6"]
[Board "4"]
[White "Juenger, Heinz"]
[Black "Popelka, Oldrich"]
[Result "1-0"]
[WhiteElo "2111"]
[BlackElo "2123"]
[PlyCount "81"]
[EventDate "2017.10.01"]
[EventType "team"]
[EventRounds "11"]
[EventCountry "AUT"]
[WhiteTeam "SK Advisory Invest Baden"]
[BlackTeam "SG Litschau/Eisgarn"]

1. e4 c5 2. Nf3 g6 3. d4 cxd4 4. Nxd4 Bg7 5. Nc3 Nc6 6. Be3 Nf6 7. Bc4 O-O 8.
Bb3 a6 9. f3 Na5 10. Qd2 Nxb3 11. Nxb3 d6 12. O-O-O Bd7 13. Nd5 Nxd5 14. exd5
Qc7 15. Bd4 Rac8 16. Bxg7 Kxg7 17. Kb1 Qc4 18. Rhe1 e5 19. dxe6 Bxe6 20. Qd4+
Kg8 21. Qxc4 Bxc4 22. Rxd6 Rfe8 23. Rdd1 Kf8 24. Kc1 h5 25. Na5 Rxe1 26. Rxe1
b5 27. Nxc4 Rxc4 28. Re4 Rc5 29. a4 Rg5 30. g3 Rf5 31. f4 h4 32. Kd2 hxg3 33.
hxg3 g5 34. Re5 Rf6 35. Rxg5 bxa4 36. Ra5 Rb6 37. Kc1 Rg6 38. Rxa4 Rxg3 39.
Rxa6 Rf3 40. Ra4 Ke7 41. Rd4  1-0

[Event "NOE Landesliga 2017/2018"]
[Site "verschiedene"]
[Date "2017.12.10"]
[Round "6"]
[Board "1"]
[White "Sandhoefner, Florian"]
[Black "Froewis, Georg"]
[Result "1/2-1/2"]
[WhiteElo "2267"]
[BlackElo "2431"]
[PlyCount "58"]
[EventDate "2017.10.01"]
[EventType "team"]
[EventRounds "11"]
[EventCountry "AUT"]
[WhiteTeam "SV Amstetten"]
[BlackTeam "SG Voest Krems"]

1. d4 d5 2. c4 e6 3. Nc3 c6 4. Nf3 Nf6 5. Bg5 dxc4 6. e4 b5 7. e5 h6 8. Bh4 g5
9. Nxg5 hxg5 10. Bxg5 Be7 11. exf6 Bxf6 12. Bxf6 Qxf6 13. g3 Bb7 14. Bg2 Na6
15. a4 O-O-O 16. axb5 Nc5 17. Qf3 Nd3+ 18. Ke2 Qxf3+ 19. Bxf3 cxb5 20. Rxa7
Bxf3+ 21. Kxf3 Rh5 22. Rxf7 Rxd4 23. Kg2 b4 24. Ra1 Rd7 25. Rf8+ Kb7 26. Ne4
Re5 27. Nf6 Rc7 28. Raa8 Kb6 29. Rfb8+ Kc5  1/2-1/2

[Event "NOE Landesliga 2017/2018"]
[Site "verschiedene"]
[Date "2017.12.10"]
[Round "6"]
[Board "2"]
[White "Schueller, Ernst"]
[Black "Rumpl, Erwin"]
[Result "1/2-1/2"]
[WhiteElo "2168"]
[BlackElo "2295"]
[PlyCount "135"]
[EventDate "2017.10.01"]
[EventType "team"]
[EventRounds "11"]
[EventCountry "AUT"]
[WhiteTeam "SG Voest Krems"]
[BlackTeam "SV Amstetten"]

1. Nf3 b6 2. g3 Bb7 3. Bg2 g6 4. O-O Bg7 5. c4 Nf6 6. Nc3 O-O 7. d3 c5 8. e4
Nc6 9. Bd2 d6 10. Qc1 Ng4 11. a3 Nge5 12. Ne1 Nd4 13. Qd1 a6 14. Ne2 Nxe2+ 15.
Qxe2 Nc6 16. Bc3 Nd4 17. Bxd4 Bxd4 18. Rb1 b5 19. Nc2 Bg7 20. b4 cxb4 21. Rxb4
Bc6 22. cxb5 Bxb5 23. a4 Bc6 24. Ne3 Rb8 25. Rfb1 Rxb4 26. Rxb4 Qa5 27. Qe1 Bd4
28. Nc4 Qc5 29. Rb6 a5 30. Ra6 Ra8 31. Rxa8+ Bxa8 32. Qxa5 Bxf2+ 33. Kf1 Bc6
34. Qxc5 Bxc5 35. a5 Bb5 36. Ke2 Bb4 37. e5 dxe5 38. Nxe5 Bxa5 39. Nc6 Bxc6 40.
Bxc6 Bc7 41. Kf3 Kg7 42. h3 h5 43. h4 Ba5 44. Kf2 Bc3 45. Be8 Kf8 46. Bb5 e6
47. Ba4 Ke7 48. Bc6 Kd6 49. Be8 Ke7 50. Ba4 f5 51. Bb5 Kf6 52. Be8 Bd2 53. Ke2
Bc1 54. Kd1 Ba3 55. Ke2 Bb4 56. Kf2 Bc3 57. Ke2 e5 58. Bc6 f4 59. Kf3 Be1 60.
gxf4 exf4 61. Kxf4 Bxh4 62. Be8 Bg5+ 63. Kf3 Bh6 64. Kg2 Bf4 65. d4 Bd6 66. d5
Kg5 67. Kh3 Kh6 68. Bxg6  1/2-1/2

[Event "NOE Landesliga 2017/2018"]
[Site "verschiedene"]
[Date "2017.12.10"]
[Round "6"]
[Board "3"]
[White "Wadsack, Wolfgang"]
[Black "Scheffknecht, Philipp"]
[Result "1/2-1/2"]
[WhiteElo "2161"]
[BlackElo "2109"]
[PlyCount "127"]
[EventDate "2017.10.01"]
[EventType "team"]
[EventRounds "11"]
[EventCountry "AUT"]
[WhiteTeam "SV Amstetten"]
[BlackTeam "SG Voest Krems"]

1. e4 d6 2. d4 Nf6 3. Nc3 g6 4. f3 c6 5. Be3 b5 6. Qd2 Nbd7 7. Bd3 e5 8. dxe5
dxe5 9. Nh3 Nc5 10. Nf2 Be6 11. O-O Nfd7 12. Rad1 b4 13. Ne2 f6 14. Nc1 Be7 15.
c3 a5 16. Bb1 Qb8 17. cxb4 axb4 18. b3 O-O 19. Qc2 Rc8 20. Kh1 Kh8 21. Nfd3 Na6
22. f4 c5 23. fxe5 fxe5 24. Nb2 Nb6 25. Nc4 Nxc4 26. bxc4 Rd8 27. Rxd8+ Qxd8
28. Nd3 Bf6 29. Bxc5 Rc8 30. Qf2 Nxc5 31. Nxc5 Bxc4 32. Nb7 Qe7 33. Rd1 Qxb7
34. Qxf6+ Qg7 35. Qb6 Qe7 36. h3 Be2 37. Re1 Bc4 38. Rc1 Be6 39. Rxc8+ Bxc8 40.
Qb8 Qc5 41. Bd3 Kg7 42. Be2 Kh6 43. Qa8 Be6 44. Qa6 Qc1+ 45. Kh2 Qf4+ 46. Kh1
Qxe4 47. Qxe6 Qxe2 48. Qe7 Qf1+ 49. Kh2 Qf4+ 50. Kh1 Qd4 51. Qf8+ Kg5 52. Qe7+
Kh6 53. Qf8+ Kg5 54. Qe7+ Kf4 55. Qxh7 Qe4 56. Qh4+ Kf5 57. Qf2+ Qf4 58. Qc2+
Kg5 59. Qd3 Kh6 60. Qd6 Qd4 61. Qf8+ Kg5 62. Qe7+ Kh6 63. Qf8+ Kg5 64. Qe7+
 1/2-1/2

[Event "NOE Landesliga 2017/2018"]
[Site "verschiedene"]
[Date "2017.12.10"]
[Round "6"]
[Board "4"]
[White "Woeber, Friedrich"]
[Black "Wadsack, Winfried"]
[Result "1/2-1/2"]
[WhiteElo "2140"]
[BlackElo "2127"]
[PlyCount "155"]
[EventDate "2017.10.01"]
[EventType "team"]
[EventRounds "11"]
[EventCountry "AUT"]
[WhiteTeam "SG Voest Krems"]
[BlackTeam "SV Amstetten"]

1. e4 d5 2. exd5 Nf6 3. c4 c6 4. Nc3 cxd5 5. cxd5 Nxd5 6. Nf3 Nc6 7. Bb5 Nxc3
8. bxc3 Qd5 9. Qa4 a6 10. Bxc6+ bxc6 11. O-O Bd7 12. c4 c5 13. Qb3 Qd6 14. d4
e6 15. Ba3 Qc7 16. Rfe1 Rb8 17. Qd3 Be7 18. Ne5 Bd6 19. Bxc5 Bxc5 20. dxc5 Rd8
21. Rad1 Qxc5 22. Nxd7 Qc7 23. Qc3 Rxd7 24. Qxg7 Rf8 25. Rxd7 Qxd7 26. Qxh7 Qd4
27. Qe4 Qxe4 28. Rxe4 Kd7 29. h4 f5 30. Re5 Rc8 31. Ra5 Rxc4 32. Rxa6 Rxh4 33.
g3 Rb4 34. Kg2 Rb2 35. a4 Ra2 36. Kf3 Ke7 37. a5 Kf6 38. Ke3 Ke5 39. Ra8 Ra3+
40. Ke2 Ke4 41. Re8 Ra2+ 42. Ke1 Ra1+ 43. Ke2 Ra2+ 44. Ke1 Kf3 45. Rxe6 Ra1+
46. Kd2 Rxa5 47. Re3+ Kxf2 48. Rb3 Rd5+ 49. Kc1 Kg2 50. Ra3 Kh3 51. Rb3 Kg4 52.
Ra3 Rd8 53. Rb3 Rh8 54. Kd1 Rh3 55. Ke2 Rxg3 56. Rb4+ f4 57. Kf2 Ra3 58. Rb2
Rh3 59. Rb8 Rh2+ 60. Kg1 Ra2 61. Rb3 Re2 62. Kf1 Rh2 63. Ra3 Rh5 64. Rb3 Rc5
65. Ra3 Rc4 66. Rb3 Rd4 67. Ra3 Re4 68. Rb3 Re3 69. Rxe3 fxe3 70. Ke2 Kf4 71.
Ke1 Ke5 72. Ke2 Kd4 73. Ke1 Kd3 74. Kd1 Kc4 75. Ke2 Kd4 76. Ke1 Ke5 77. Ke2 Kf4
78. Ke1  1/2-1/2

[Event "NOE Landesliga 2017/2018"]
[Site "verschiedene"]
[Date "2017.12.10"]
[Round "6"]
[Board "1"]
[White "Groetz, Harald"]
[Black "Weinzettl, Ernst"]
[Result "1/2-1/2"]
[WhiteElo "2335"]
[BlackElo "2278"]
[PlyCount "118"]
[EventDate "2017.10.01"]
[EventType "team"]
[EventRounds "11"]
[EventCountry "AUT"]
[WhiteTeam "SV Stockerau"]
[BlackTeam "ASVOE VHS Poechlarn"]

1. Nf3 d5 2. g3 Bg4 3. Bg2 Nc6 4. d4 Qd7 5. Nc3 e6 6. O-O Bxf3 7. Bxf3 f5 8.
Bf4 Bd6 9. Bxd6 cxd6 10. Bg2 Nf6 11. f3 O-O 12. Qd2 Qc7 13. e3 Na5 14. b3 a6
15. Ne2 Rac8 16. Rac1 b5 17. c3 Qb6 18. Kh1 Nb7 19. Nf4 Nd8 20. Nd3 Nf7 21. Nf2
Rc7 22. e4 dxe4 23. fxe4 d5 24. e5 Ne4 25. Bxe4 dxe4 26. g4 Nxe5 27. dxe5 e3
28. Qe2 exf2 29. Rxf2 fxg4 30. Rxf8+ Kxf8 31. Rf1+ Rf7 32. Rxf7+ Kxf7 33. Qxg4
Qc6+ 34. Kg1 Qxc3 35. Qf4+ Ke8 36. Qe4 Qa1+ 37. Kf2 Qxa2+ 38. Kg1 Qxb3 39. Qc6+
Kf7 40. Qb7+ Kg6 41. Qe4+ Kg5 42. h4+ Kh6 43. Qf4+ Kg6 44. Qe4+ Kh5 45. Qxh7+
Kg4 46. Qxg7+ Kxh4 47. Qf6+ Kg4 48. Kf2 Qg3+ 49. Ke2 Qg2+ 50. Ke3 Qh3+ 51. Kd4
Kg3 52. Kc5 Qg4 53. Kd6 b4 54. Qf1 a5 55. Qe1+ Kf4 56. Qc1+ Kf5 57. Qc2+ Kg5
58. Qc1+ Kf5 59. Qc2+ Kg5  1/2-1/2

[Event "NOE Landesliga 2017/2018"]
[Site "verschiedene"]
[Date "2017.12.10"]
[Round "6"]
[Board "2"]
[White "Ernst, Michael"]
[Black "Piringer, Florian"]
[Result "1/2-1/2"]
[WhiteElo "2135"]
[BlackElo "2183"]
[PlyCount "53"]
[EventDate "2017.10.01"]
[EventType "team"]
[EventRounds "11"]
[EventCountry "AUT"]
[WhiteTeam "ASVOE VHS Poechlarn"]
[BlackTeam "SV Stockerau"]

1. d4 Nf6 2. Bf4 d5 3. e3 g6 4. h3 Bg7 5. Nf3 O-O 6. Be2 Nbd7 7. O-O e6 8. Bh2
Ne4 9. Nbd2 c5 10. c3 b6 11. a4 Nxd2 12. Qxd2 Bb7 13. a5 c4 14. axb6 axb6 15.
b3 cxb3 16. Qb2 Qe7 17. Qxb3 Bc6 18. Rfc1 Rfc8 19. Ba6 Re8 20. Bb5 Bxb5 21.
Qxb5 Rec8 22. Ra6 Bf8 23. Bf4 Qd8 24. Rxa8 Rxa8 25. Ne5 Nxe5 26. Bxe5 Bd6 27.
Bxd6  1/2-1/2

[Event "NOE Landesliga 2017/2018"]
[Site "verschiedene"]
[Date "2017.12.10"]
[Round "6"]
[Board "3"]
[White "Gajic, Zoran"]
[Black "Mittermayr, Gerhard"]
[Result "1-0"]
[WhiteElo "2023"]
[BlackElo "2085"]
[PlyCount "81"]
[EventDate "2017.10.01"]
[EventType "team"]
[EventRounds "11"]
[EventCountry "AUT"]
[WhiteTeam "SV Stockerau"]
[BlackTeam "ASVOE VHS Poechlarn"]

1. e4 e6 2. d4 d5 3. exd5 exd5 4. Bd3 Bd6 5. Nc3 c6 6. Be3 Nf6 7. h3 O-O 8. Nf3
Re8 9. O-O Ne4 10. Ne2 Qf6 11. Bxe4 Rxe4 12. Nh2 Qh4 13. Qd2 Bd7 14. Rae1 h6
15. Nf3 Qf6 16. Ne5 Bxe5 17. dxe5 Qg6 18. Ng3 Rxe5 19. Bf4 Rxe1 20. Rxe1 Na6
21. Re7 Nc5 22. Be3 d4 23. Qxd4 b6 24. b4 Kf8 25. Qe5 Qf6 26. Qxf6 gxf6 27.
Bxc5 bxc5 28. Rxd7 cxb4 29. Rc7 Rb8 30. Nf5 Kg8 31. Rxc6 Rb5 32. g4 Ra5 33.
Rc8+ Kh7 34. Rb8 Ra4 35. Rb7 Kg6 36. Kg2 a5 37. Nd6 Rxa2 38. Ra7 a4 39. Nxf7 a3
40. Kg3 Rxc2 41. Nh8+  1-0

[Event "NOE Landesliga 2017/2018"]
[Site "verschiedene"]
[Date "2017.12.10"]
[Round "6"]
[Board "4"]
[White "Schweitzer, Werner"]
[Black "Pernerstorfer, Johannes"]
[Result "1-0"]
[WhiteElo "2028"]
[BlackElo "2074"]
[PlyCount "66"]
[EventDate "2017.10.01"]
[EventType "team"]
[EventRounds "11"]
[EventCountry "AUT"]
[WhiteTeam "ASVOE VHS Poechlarn"]
[BlackTeam "SV Stockerau"]

1. e4 c5 2. Nc3 Nc6 3. Bb5 e5 4. Nf3 d6 5. h3 Be6 6. d3 Nf6 7. Ng5 Be7 8. Nxe6
fxe6 9. O-O O-O 10. f4 exf4 11. Bxf4 Nd4 12. Ba4 d5 13. exd5 Nxd5 14. Nxd5 exd5
15. c3 Ne6 16. Be5 Rxf1+ 17. Qxf1 Qb6 18. Qe2 Rf8 19. Re1 Bh4 20. g3 Bf6 21.
Kg2 c4 22. d4 Ng5 23. Bxf6 Qxf6 24. Bc2 Qc6 25. h4 Nf7 26. Qe7 Qc8 27. Rf1 g6
28. h5 gxh5 29. Bxh7+ Kg7 30. Bf5 Qd8 31. Qxb7 Kh6 32. Qc6+ Qd6 33. Bd7 Kg7  1-0

[Event "NOE Landesliga 2017/2018"]
[Site "verschiedene"]
[Date "2017.12.10"]
[Round "6"]
[Board "2"]
[White "Lovrinovic, Christian"]
[Black "Wirius, Johannes"]
[Result "1-0"]
[WhiteElo "2139"]
[BlackElo "2191"]
[PlyCount "73"]
[EventDate "2017.10.01"]
[EventType "team"]
[EventRounds "11"]
[EventCountry "AUT"]
[WhiteTeam "KSV Boehlerwerk"]
[BlackTeam "ASK Kottingbrunn"]

1. d4 g6 2. c4 Bg7 3. e4 d6 4. Nc3 Nf6 5. Nf3 O-O 6. Be2 c5 7. d5 a6 8. O-O
Nbd7 9. h3 Ne8 10. Bg5 h6 11. Bf4 Ne5 12. Nxe5 dxe5 13. Be3 b6 14. Qd2 Kh7 15.
a3 Nd6 16. Rfc1 Qc7 17. Rab1 Rd8 18. f3 e6 19. b4 Bd7 20. Qc2 Rab8 21. bxc5
bxc5 22. Na4 Rxb1 23. Rxb1 exd5 24. cxd5 Nb5 25. Bxb5 Bxb5 26. Qxc5 Qa5 27. Nb6
Bf8 28. Qc7 Qxa3 29. Qxf7+ Bg7 30. Bf2 Rf8 31. Qc7 Be2 32. Bc5 Rf7 33. Bxa3
Rxc7 34. d6 Rb7 35. Rb2 Bb5 36. Nd5 Kg8 37. Rc2  1-0